[Event "Kazakhstan Chess Cup 2023"]
[Site "Astana KAZ"]
[Date "2023.04.26"]
[Round "4.3"]
[White "Ansat, Aldiyar"]
[Black "Kovalev, Vladislav"]
[Result "1/2-1/2"]
[WhiteTitle "IM"]
[BlackTitle "GM"]
[WhiteElo "2317"]
[BlackElo "2612"]
[WhiteFideId "13715658"]
[BlackFideId "13504398"]
[EventDate "2023.04.23"]

1. e4 e5 2. Nf3 Nc6 3. Bb5 a6 4. Ba4 d6 5. O-O Bd7 6. c3 Nf6 7. Re1 g6 8. d4 Bg7
9. h3 O-O 10. Nbd2 Re8 11. d5 Nb8 12. Bxd7 Nbxd7 13. b4 c6 14. c4 cxd5 15. cxd5
Rc8 16. Nb3 Nb6 17. Na5 Qd7 18. Bd2 Nc4 19. Qb3 Qb5 20. Nxc4 Qxc4 21. Qe3 Qc2
22. Qa3 Qc4 23. Rac1 Qb5 24. Qb3 Rxc1 25. Bxc1 Rc8 26. Bd2 Qd7 27. a4 b5 28. Qd3
Rc4 29. axb5 axb5 30. Rc1 Qc8 31. Rxc4 bxc4 32. Qc2 Qa6 33. Kh2 Nd7 34. Be3 Qb5
35. Nd2 Qxb4 36. Qxc4 Qxc4 37. Nxc4 Bf8 38. Bd2 Nc5 39. f3 f6 40. Bb4 Nb7 41.
Kg3 Kf7 42. Kf2 Ke8 43. Ke3 Kd7 44. Kd3 Be7 45. Kc3 Bd8 46. g4 Bc7 47. Kd3 Nd8
48. Bd2 Nf7 49. h4 Kc8 50. h5 Kb7 51. Kc3 Ka6 52. Kb4 Bb6 53. Ka4 Bc5 54. Na5
Kb6 55. Nc6 Kc7 56. hxg6 hxg6 57. Ne7 Ng5 58. Bxg5 fxg5 59. Nxg6 Kb6 60. Nf8 Be3
61. Kb4 Bd2+ 62. Kc4 Be3 63. Ne6 Bc1 64. Nd8 Kc7 65. Nf7 Bd2 66. Kb5 Be3 67. Ka6
Bd2 68. Nh6 Be3 69. Nf5 Bf2 70. Ne7 Bg1 71. Nc6 Bf2 72. Na7 Bc5 73. Nb5+ Kc8 74.
Nc3 Kc7 75. Ne2 Bf2 76. Nc1 Be3 77. Nd3 Bd4 78. Nb4 Bc5 79. Nc6 Bf2 80. Ne7 Bg1
81. Ng8 Bf2 82. Nf6 Be3 83. Nh7 Bd2 84. Ka7 Be3+ 85. Ka8 Kc8 86. Nf6 Bf2 87. Ne8
Bc5 88. Ng7 Bf2 89. Nf5 Kc7 90. Nh6 Be3 91. Nf7 Bd2 92. Ka7 Be3+ 93. Ka6 Bd2 94.
Nh6 Be3 95. Ng8 Bf2 96. Nf6 Be3 97. Ne8+ Kd7 98. Ng7 Kc7 99. Nf5 Bg1 100. Ne7
Bf2 101. Ng8 Bg1 102. Nh6 Bd4 103. Nf5 Bf2 104. Ng7 Be3 105. Ne6+ Kc8 106. Kb5
Kb7 107. Nd8+ Kc7 108. Nc6 Bg1 109. Ka6 Be3 110. Nb4 Bc5 111. Nc2 Bf2 112. Na3 1/2-1/2

[Event "Kazakhstan Chess Cup 2023"]
[Site "Astana KAZ"]
[Date "2023.04.26"]
[Round "4.4"]
[White "Vokhidov, Shamsiddin"]
[Black "Zhalmakhanov, Ramazan"]
[Result "1-0"]
[WhiteTitle "GM"]
[BlackTitle "IM"]
[WhiteElo "2601"]
[BlackElo "2425"]
[WhiteFideId "14204223"]
[BlackFideId "13706357"]
[EventDate "2023.04.23"]

1. e4 c5 2. Nf3 d6 3. d4 Nf6 4. Nc3 cxd4 5. Nxd4 a6 6. a4 e5 7. Nf3 Nc6 8. Bg5
Be7 9. Bxf6 Bxf6 10. Nd5 O-O 11. c3 Ne7 12. Nxf6+ gxf6 13. Qd2 d5 14. Rd1 Qa5
15. exd5 Qxa4 16. Be2 Ng6 17. O-O Rd8 18. c4 Bg4 19. Ra1 Qd7 20. Ne1 Bxe2 21.
Qxe2 Rac8 22. b3 f5 23. g3 Qd6 24. Ng2 f4 25. Rfe1 b5 26. h4 fxg3 27. fxg3 bxc4
28. bxc4 e4 29. Qxe4 Qc5+ 30. Qe3 Qxc4 31. h5 Qxd5 32. hxg6 hxg6 33. Qf2 a5 34.
Ne3 Qg5 35. Rf1 Rc7 36. Ra4 Rd3 37. Re4 Re7 38. Ng4 f5 39. Rxe7 Qxe7 40. Re1 Qd6
41. Ne5 Rd2 42. Qe3 Qd5 43. Qf3 Qxf3 44. Nxf3 Rd6 45. Re8+ Kg7 46. Ra8 Rd5 47.
Ra6 Kf7 48. Ng5+ Ke7 49. Kf2 Rd6 50. Ra7+ Kf6 51. Nh7+ Ke5 52. Rxa5+ Kd4 53. Ng5
Rb6 54. Kf3 Rb3+ 55. Kf4 Rb4 56. Ne6+ Kd3+ 57. Kf3 Rg4 58. Nf4+ Kc4 59. Ra6 g5
60. Nh3 1-0

[Event "Kazakhstan Chess Cup 2023"]
[Site "Astana KAZ"]
[Date "2023.04.26"]
[Round "4.5"]
[White "Suyarov, Mukhammadzokhid"]
[Black "Moiseenko, Alexander"]
[Result "1/2-1/2"]
[WhiteTitle "FM"]
[BlackTitle "GM"]
[WhiteElo "2281"]
[BlackElo "2573"]
[WhiteFideId "14210495"]
[BlackFideId "14102560"]
[EventDate "2023.04.23"]

1. d4 Nf6 2. Nc3 d5 3. Bf4 e6 4. Nb5 Bb4+ 5. c3 Ba5 6. a4 a6 7. b4 Nc6 8. bxa5
axb5 9. axb5 Nxa5 10. Qb1 Bd7 11. e3 O-O 12. f3 Nh5 13. Bg3 Nxg3 14. hxg3 h6 15.
Kf2 Qe7 16. Rh5 f5 17. Bd3 Qd6 18. Ne2 Nc4 19. Rxa8 Rxa8 20. g4 Ra5 21. g5 Rxb5
22. Qh1 Be8 23. Rh3 h5 24. Rxh5 Bxh5 25. Qxh5 Qe7 26. Nf4 Rb2+ 27. Be2 Qf7 28.
g6 Qf6 29. g3 Kf8 30. Qh7 Ke7 31. Nh5 Qf8 32. Nxg7 Kd6 33. Nh5 Rxe2+ 34. Kxe2
Qa8 35. Qh6 1/2-1/2

[Event "Kazakhstan Chess Cup 2023"]
[Site "Astana KAZ"]
[Date "2023.04.26"]
[Round "4.6"]
[White "Goganov, Aleksey"]
[Black "Sapenov, Daniyal"]
[Result "1/2-1/2"]
[WhiteTitle "GM"]
[BlackTitle "FM"]
[WhiteElo "2525"]
[BlackElo "2321"]
[WhiteFideId "24109959"]
[BlackFideId "13728911"]
[EventDate "2023.04.23"]

1. e4 e5 2. Nf3 Nc6 3. Bb5 a6 4. Ba4 Nf6 5. O-O b5 6. Bb3 Bc5 7. c3 d6 8. d4 Bb6
9. Be3 O-O 10. Nbd2 Rb8 11. h3 h6 12. Re1 Re8 13. a4 Bb7 14. d5 Bxe3 15. Rxe3
Ne7 16. c4 c6 17. dxc6 Bxc6 18. cxb5 axb5 19. axb5 Bxb5 20. Ra7 Rf8 21. Nb1 Nc6
22. Ra3 Na5 23. Nc3 Bc4 24. Rxa5 Bxb3 25. Qa1 Bc4 26. Nd2 Be6 27. Ra6 Qc7 28.
Rd3 Rfd8 29. Qa3 d5 30. exd5 Nxd5 31. Nde4 Nxc3 1/2-1/2

[Event "Kazakhstan Chess Cup 2023"]
[Site "Astana KAZ"]
[Date "2023.04.26"]
[Round "4.7"]
[White "Makhnev, Denis"]
[Black "Kassimov, Baurzhan"]
[Result "1/2-1/2"]
[WhiteTitle "GM"]
[BlackTitle "IM"]
[WhiteElo "2483"]
[BlackElo "2285"]
[WhiteFideId "13707647"]
[BlackFideId "13704800"]
[EventDate "2023.04.23"]

1. d4 Nf6 2. Nf3 e6 3. c4 d5 4. g3 Bb4+ 5. Nbd2 O-O 6. Bg2 c6 7. O-O b5 8. c5
Ba5 9. a3 Bc7 10. b4 a5 11. Bb2 a4 12. Ne5 Bd7 13. f3 Be8 14. e4 Nfd7 15. exd5
exd5 16. f4 Kh8 17. f5 f6 18. Nd3 Bf7 19. Qg4 Re8 20. Rae1 Nf8 21. Ne5 Re7 22.
Ndf3 Qe8 23. Qh4 Bd8 24. g4 fxe5 25. dxe5 Nbd7 26. Ng5 Bg8 27. f6 Re6 28. Qg3
Qg6 29. h4 h6 30. Nh3 Bc7 31. Nf4 Qh7 32. g5 g6 33. Bh3 h5 34. Nxe6 Nxe6 35. f7
Bxf7 36. Rf2 Bg8 37. Qd3 Re8 38. Rf6 Bf7 39. Rf2 Qg7 40. Qg3 Kh7 41. Qe3 Re7 42.
Rf6 Qg8 43. Rf2 Qe8 44. Rfe2 Qh8 45. Qf2 Bg8 46. Qg3 Qg7 47. Qe3 d4 48. Qg3 Nef8
49. Bxd4 Bd5 50. Bb2 Ne6 51. Rf2 Qg8 52. Qd3 Bc4 53. Qf3 Bd5 54. Qd3 Bc4 55. Qf3
Bd5 1/2-1/2

[Event "Kazakhstan Chess Cup 2023"]
[Site "Astana KAZ"]
[Date "2023.04.26"]
[Round "4.8"]
[White "Matinian, Nikita"]
[Black "Niemann, Hans Moke"]
[Result "0-1"]
[WhiteTitle "GM"]
[BlackTitle "GM"]
[WhiteElo "2407"]
[BlackElo "2706"]
[WhiteFideId "24129100"]
[BlackFideId "2093596"]
[EventDate "2023.04.23"]

1. e4 c5 2. Nf3 Nc6 3. Bb5 g6 4. O-O Bg7 5. d3 e5 6. a3 Nge7 7. b4 d6 8. bxc5
dxc5 9. Bg5 Bd7 10. Nbd2 h6 11. Bxc6 Bxc6 12. Be3 b6 13. Nc4 Qc7 14. a4 O-O 15.
Re1 f5 16. Bd2 fxe4 17. dxe4 Rad8 18. Qe2 g5 19. Bc3 Ng6 20. Ne3 Nf4 21. Qc4+
Kh7 22. Nf5 Rxf5 23. exf5 Bd5 24. Qf1 Qf7 25. f6 Bxf6 26. Nxe5 Bxe5 27. Rxe5
Bxg2 28. Qe1 Kg6 29. Rd1 Qb7 30. Re6+ Kh5 31. h4 Bh1 32. Qf1 Nxe6 33. Rxd8 Nxd8
34. hxg5 Qf3 35. gxh6 Qxc3 36. Qd1+ Bf3 0-1

[Event "Kazakhstan Chess Cup 2023"]
[Site "Astana KAZ"]
[Date "2023.04.26"]
[Round "4.9"]
[White "Nabaty, Tamir"]
[Black "Madaminov, Mukhiddin"]
[Result "1-0"]
[WhiteTitle "GM"]
[BlackTitle "IM"]
[WhiteElo "2645"]
[BlackElo "2436"]
[WhiteFideId "2809052"]
[BlackFideId "14210703"]
[EventDate "2023.04.23"]

1. d4 Nf6 2. Bf4 g6 3. c3 Bg7 4. Nd2 c5 5. dxc5 Na6 6. Nb3 Ne4 7. Qd5 f5 8. Nf3
e6 9. Qc4 Qe7 10. Rd1 Naxc5 11. Nxc5 Qxc5 12. Qxc5 Nxc5 13. g3 b6 14. Bg2 Bb7
15. O-O h6 16. Be5 Rg8 17. Bxg7 Rxg7 18. Ne5 Bxg2 19. Kxg2 Rc8 20. Rd4 d5 21.
Rfd1 Nd7 22. Nd3 Ke7 23. f3 Nc5 24. Nxc5 bxc5 25. Ra4 Kd6 26. e4 Rc6 27. exd5
exd5 28. Re1 Rb7 29. b3 c4 30. bxc4 Rxc4 31. Ra6+ Rb6 32. Rxa7 Rxc3 33. Re2 d4
34. Rd2 Rc4 35. a4 Kc5 36. a5 Re6 37. Kf2 Ra4 38. h4 Kc4 39. Rc7+ Kd5 40. Rc8
Rd6 41. Ra8 Kc4 42. Rc8+ Kd5 43. Ra8 Ra3 44. h5 g5 45. Rf8 Kc4 46. Rc8+ Kd5 47.
Rf8 f4 48. gxf4 gxf4 49. Rxf4 Kc4 50. Ke2 Rxa5 51. Rc2+ Kb4 52. Kd3 Ra3+ 53. Kd2
Ra5 54. Rf8 Rxh5 55. Rb8+ Ka3 56. Ra8+ Kb3 57. Rb8+ Ka3 58. Rc1 Ka2 59. Ra8+ Kb2
60. Rb8+ Ka2 61. Rc4 Ka3 62. Rbb4 Rh2+ 63. Kd3 Ra6 64. Rxd4 h5 65. Rh4 Rf2 66.
Ke3 Rc2 67. Rbd4 Ra5 68. Rd2 Rc8 69. Rd3+ Kb2 70. Rh2+ Rc2 71. Rxc2+ Kxc2 72. f4
h4 73. Rd2+ Kc3 74. Rh2 Rh5 75. Ke4 h3 76. f5 Rh4+ 77. Ke5 Rh5 78. Kf6 Kd4 79.
Kg6 Rh4 80. f6 Rg4+ 81. Kf5 Rg3 82. Kf4 Rg6 83. Kf5 Rg3 84. Rf2 Ke3 85. Rf4 h2
86. Rh4 Rg2 87. f7 Kd3 88. Ke6 Re2+ 89. Kd5 Rf2 90. Rh3+ Ke2 91. Rxh2 Rxh2 92.
f8=Q Rh3 93. Qf5 Rh4 94. Qg5 Ra4 95. Qg2+ Kd3 96. Qf3+ Kc2 97. Kc5 Kd2 98. Qf2+
Kd1 99. Qe3 Kc2 100. Qe2+ Kc1 101. Qd3 Ra2 102. Qf1+ Kc2 103. Qe2+ Kb3 104. Qd3+
Kb2 105. Kb4 Kc1 106. Qf1+ Kc2 107. Qe1 Rb2+ 108. Kc4 Ra2 109. Qe2+ Kb1 110.
Qd1+ Kb2 111. Kb4 1-0

[Event "Kazakhstan Chess Cup 2023"]
[Site "Astana KAZ"]
[Date "2023.04.26"]
[Round "4.10"]
[White "Rakhmanov, Aleksandr"]
[Black "Agmanov, Zhandos"]
[Result "1/2-1/2"]
[WhiteTitle "GM"]
[BlackTitle "IM"]
[WhiteElo "2632"]
[BlackElo "2446"]
[WhiteFideId "4173708"]
[BlackFideId "13708309"]
[EventDate "2023.04.23"]

1. d4 Nf6 2. c4 g6 3. g3 Bg7 4. Bg2 O-O 5. e4 d6 6. Ne2 c5 7. O-O Nc6 8. d5 Na5
9. Na3 a6 10. Rb1 b6 11. b3 Bd7 12. Bd2 b5 13. h3 Ne8 14. Kh2 Nb7 15. Nc2 Nc7
16. Bc3 Bxc3 17. Nxc3 b4 18. Ne2 a5 19. f4 a4 20. g4 axb3 21. axb3 Ne8 22. Qd2
Kg7 23. Ne3 Qc7 24. Qb2+ Kg8 25. Ng3 Ng7 26. h4 Ra3 27. Nc2 Ra7 28. g5 f5 29.
Rbe1 Nd8 30. exf5 Nxf5 31. Nxf5 Bxf5 32. Ne3 Qd7 33. Kg3 Nf7 34. Nxf5 Qxf5 35.
Bh3 Qd3+ 36. Rf3 Qd4 37. Qxd4 cxd4 38. Rd3 Rfa8 39. Rxd4 Ra3 40. Rd3 Kf8 41.
Rde3 R8a7 42. Bg4 Ra2 43. h5 Rb2 44. hxg6 hxg6 45. Bf3 Ra3 46. Bd1 Ra7 47. R1e2
Rxe2 48. Rxe2 Nd8 49. Bc2 Kg7 50. Re1 Nf7 51. Re6 Nh8 52. Kf3 Kf7 53. Ke3 Ra1
54. Ke2 Rc1 55. Bd1 Kf8 56. Kd2 Ra1 57. Re1 Nf7 58. Re6 Nh8 59. Re2 Nf7 60. Bc2
Nh8 61. Re1 Ra2 62. Kc1 Ra7 63. Kb2 Kg7 64. Re2 Nf7 65. Re6 Nh8 66. Bd3 Rc7 67.
Be4 Ra7 68. Bb1 Rc7 69. Kc2 Ra7 70. Kd3 Kf7 71. Kd4 Ra3 72. Re3 Ra1 73. Bd3 Ra5
74. f5 gxf5 75. Bxf5 Ra1 76. Rh3 Rd1+ 77. Ke3 Re1+ 78. Kd4 Rd1+ 79. Ke3 Re1+ 80.
Kd3 Re5 81. Be6+ Kg7 82. c5 dxc5 83. Kc4 Ng6 84. Rh1 Nf4 85. Rf1 Nxe6 86. dxe6
Kg6 87. Rg1 Rxg5 1/2-1/2

[Event "Kazakhstan Chess Cup 2023"]
[Site "Astana KAZ"]
[Date "2023.04.26"]
[Round "4.11"]
[White "Nurgaliyev, Sauat"]
[Black "Gareyev, Timur"]
[Result "0-1"]
[WhiteTitle "CM"]
[BlackTitle "GM"]
[WhiteElo "2286"]
[BlackElo "2602"]
[WhiteFideId "13726285"]
[BlackFideId "14200937"]
[EventDate "2023.04.23"]

1. e4 e5 2. Nf3 Nc6 3. Nc3 Nf6 4. d4 exd4 5. Nxd4 Bb4 6. Nxc6 bxc6 7. Bd3 d6 8.
O-O h6 9. a3 Bxc3 10. bxc3 O-O 11. c4 Re8 12. Qf3 Rb8 13. Bd2 c5 14. Bc3 Bb7 15.
Rae1 Re6 16. Re3 Bc6 17. Qe2 Qe7 18. e5 dxe5 19. Bf5 e4 20. Bxe6 Qxe6 21. Rg3
Re8 22. Re1 Qf5 23. Bxf6 Qxf6 24. Qe3 Re5 25. Qc3 Qf4 26. Qe3 Qf6 27. Qc3 Qf4
28. Rd1 Kh7 29. Qd2 Qf6 30. h3 Rf5 31. Qc3 Re5 32. Re1 Qf4 33. Rg4 Qf6 34. Rg3
Qf4 35. Rf3 exf3 36. Qxe5 Qxc4 37. Qxc7 Qc3 38. Qe5 Qxc2 39. g4 c4 40. Qc5 Be4
41. Qe3 Bg6 42. Qxf3 c3 43. Qe3 Qb2 44. Rc1 c2 45. h4 h5 46. f3 Qb5 47. Qg5 Qb6+
48. Kg2 hxg4 49. h5 gxf3+ 50. Kxf3 Qb3+ 51. Kf2 Be4 52. Qf4 Bd3 53. Qf3 Qb6+ 54.
Kg3 Qd6+ 55. Kf2 f5 56. Ke3 Be4 57. Qf4 Qxa3+ 58. Kf2 Qc5+ 59. Ke2 Qc4+ 60. Kf2
Qd4+ 61. Kg3 Qf6 62. Rg1 a5 63. Kh2 Qb2 64. Kh3 Qf6 65. Qe3 Qh6 66. Rg5 a4 67.
Kh4 Qf6 68. h6 Kxh6 0-1

[Event "Kazakhstan Chess Cup 2023"]
[Site "Astana KAZ"]
[Date "2023.04.26"]
[Round "4.12"]
[White "Daneshvar, Bardiya"]
[Black "Kairbekova, Amina"]
[Result "1-0"]
[WhiteTitle "IM"]
[BlackTitle "WIM"]
[WhiteElo "2540"]
[BlackElo "2157"]
[WhiteFideId "12576468"]
[BlackFideId "13712799"]
[EventDate "2023.04.23"]

1. Nf3 Nf6 2. c4 g6 3. Nc3 Bg7 4. e4 d6 5. d4 O-O 6. Be2 e5 7. O-O exd4 8. Nxd4
Re8 9. f3 c6 10. Nc2 Na6 11. Kh1 d5 12. cxd5 cxd5 13. exd5 Bf5 14. Ne3 Nb4 15.
Nxf5 gxf5 16. Bb5 Rf8 17. d6 a6 18. Ba4 Nh5 19. g4 fxg4 20. fxg4 Be5 21. gxh5
Qh4 22. Qe2 Bxd6 23. Qg2+ Kh8 24. Bg5 1-0

[Event "Kazakhstan Chess Cup 2023"]
[Site "Astana KAZ"]
[Date "2023.04.26"]
[Round "4.13"]
[White "Atabayev, Saparmyrat"]
[Black "Nugumanov, Bakhtiyar"]
[Result "1/2-1/2"]
[WhiteTitle "IM"]
[BlackTitle "IM"]
[WhiteElo "2448"]
[BlackElo "2316"]
[WhiteFideId "14000571"]
[BlackFideId "13701797"]
[EventDate "2023.04.23"]

1. e4 e5 2. Nf3 Nc6 3. Bc4 Bc5 4. O-O d6 5. d3 Nf6 6. c3 a6 7. a4 O-O 8. Nbd2
Ba7 9. h3 Ne7 10. Re1 Ng6 11. Nf1 c6 12. Bb3 h6 13. Ng3 Re8 14. d4 Be6 15. Bc2
c5 16. d5 Bd7 17. Nf5 Bb8 18. Be3 Nf4 19. c4 g6 20. Nxh6+ Kg7 21. Ng5 Rf8 22.
Nhxf7 Rxf7 23. Nxf7 Kxf7 24. Bxf4 exf4 25. Qd3 Qg8 26. e5 dxe5 27. d6 Bf5 28.
Qb3 Qc8 29. Bxf5 gxf5 30. Rxe5 Bxd6 31. Re2 Qc6 32. Rae1 Rg8 33. f3 Re8 34. Qd3
Rxe2 35. Qxe2 Qd7 36. b3 Bc7 37. Kh2 Ba5 38. Rd1 Qe6 39. Qf2 Qe3 40. Qc2 Kg6 41.
Rd3 Qe1 42. Qd1 Qf2 43. Qa1 Qc2 44. Qd1 Qf2 45. Qc1 Qe2 46. Rd6 Qe3 47. Qd1 Be1
48. Kh1 Bf2 49. Rd3 Qe5 50. Kh2 a5 51. Qd2 Be1 52. Qc1 Bf2 53. Qd2 Be1 54. Qc1
Kg5 55. Rd1 Bf2 56. Qd2 Bg3+ 57. Kh1 b6 58. Qd8 Qe2 59. Rc1 Qe3 60. Rb1 Qe6 61.
Qh8 Nh5 62. Qd8+ Nf6 63. Qh8 Nh5 64. Rd1 Bf2 65. Qd8+ Nf6 66. Qh8 Kg6 67. Rb1
Bd4 68. Qh4 Nh5 69. Re1 Be3 70. Qd8 Qf6 71. Qxf6+ Kxf6 72. g4 fxg4 73. hxg4 Ng7
74. Kg2 Ne6 75. Rh1 Kg7 76. Rh5 Nd4 77. Rg5+ Kf6 78. Rh5 Nxb3 79. Rh6+ Kg5 80.
Rxb6 Nd2 81. Rb5 Nxc4 82. Kf1 Kf6 83. Ke2 Ke5 84. Rb8 Bd4 85. Rf8 Nd6 86. g5 Nf5
87. Kd3 Ke6 88. Ra8 Be5 89. Kc4 Nh4 90. Rxa5 Nxf3 91. Rxc5 Nxg5 92. Kd3 Kd6 93.
Rc1 Ne6 94. Ke4 Nc5+ 95. Kf5 f3 96. Rd1+ Kc6 97. Kxe5 Nxa4 98. Rc1+ Kd7 99. Rf1
Nb6 100. Rxf3 Ke7 101. Rc3 Nd7+ 102. Kf5 Kd6 103. Rc1 Nc5 104. Rd1+ Ke7 105. Rh1
Nd7 106. Rh6 Nc5 107. Rc6 Nd7 108. Re6+ Kd8 109. Re2 Kc7 110. Ke6 Nf8+ 111. Ke7
Ng6+ 112. Kf6 Nf4 113. Rd2 Kc6 114. Ke5 Ng6+ 115. Kf5 Nf8 116. Kf6 Nd7+ 117. Ke6
Nc5+ 118. Ke7 Nb3 1/2-1/2

[Event "Kazakhstan Chess Cup 2023"]
[Site "Astana KAZ"]
[Date "2023.04.26"]
[Round "4.14"]
[White "Ter-Sahakyan, Samvel"]
[Black "Zharokov, Kaissar"]
[Result "1-0"]
[WhiteTitle "GM"]
[WhiteElo "2613"]
[BlackElo "2086"]
[WhiteFideId "13302531"]
[BlackFideId "13704150"]
[EventDate "2023.04.23"]

1. e4 c5 2. Nf3 g6 3. c3 Bg7 4. d4 cxd4 5. cxd4 d5 6. e5 Nc6 7. Bb5 Bg4 8. Bxc6+
bxc6 9. Nbd2 c5 10. dxc5 Qa5 11. O-O Qxc5 12. h3 Bd7 13. Nb3 Qb5 14. a4 Qc4 15.
Na5 Qc7 16. Qxd5 Rd8 17. Bf4 Bxa4 18. Qxf7+ Kxf7 19. e6+ Kxe6 20. Bxc7 Rd7 21.
Rfe1+ Kd5 22. Be5 1-0

[Event "Kazakhstan Chess Cup 2023"]
[Site "Astana KAZ"]
[Date "2023.04.26"]
[Round "4.15"]
[White "Lysyj, Igor"]
[Black "Zhunusov, Murat"]
[Result "1-0"]
[WhiteTitle "GM"]
[BlackTitle "IM"]
[WhiteElo "2606"]
[BlackElo "2022"]
[WhiteFideId "4150120"]
[BlackFideId "13701002"]
[EventDate "2023.04.23"]

1. d4 Nf6 2. c4 e6 3. Nf3 d5 4. g3 Bb4+ 5. Bd2 Be7 6. Bg2 Nbd7 7. O-O c6 8. Qb3
O-O 9. Rc1 Ne4 10. Bb4 a5 11. Bxe7 Qxe7 12. Nc3 f5 13. e3 Kh8 14. Nxe4 dxe4 15.
Ne5 Nxe5 16. dxe5 Qc5 17. Qa3 Qxa3 18. bxa3 Rd8 19. Rd1 Rd7 20. f3 exf3 21. Bxf3
Kg8 22. Rab1 Rb8 23. c5 Kf8 24. Rd6 Rxd6 25. exd6 Bd7 26. e4 g6 27. e5 Ke8 28.
Kf2 Kd8 29. Ke3 Kc8 30. Kf4 h6 31. h4 Ra8 32. g4 fxg4 33. Bxg4 b5 34. Ke3 b4 35.
Rf1 bxa3 36. Rf8+ Kb7 37. Rf7 Kc8 38. Rf8+ Kb7 39. Rf7 Kc8 40. Re7 Rb8 41. Bxe6
Bxe6 42. Rxe6 Rb2 43. Re8+ Kd7 44. Re7+ Kd8 45. e6 Rb1 46. Kd2 Rb2+ 47. Kd3 1-0

[Event "Kazakhstan Chess Cup 2023"]
[Site "Astana KAZ"]
[Date "2023.04.26"]
[Round "5.1"]
[White "Niemann, Hans Moke"]
[Black "Vokhidov, Shamsiddin"]
[Result "1-0"]
[WhiteTitle "GM"]
[BlackTitle "GM"]
[WhiteElo "2706"]
[BlackElo "2601"]
[WhiteFideId "2093596"]
[BlackFideId "14204223"]
[EventDate "2023.04.23"]

1. d4 Nf6 2. c4 e6 3. Nf3 d5 4. g3 dxc4 5. Bg2 Bb4+ 6. Bd2 a5 7. a3 Bxd2+ 8.
Nbxd2 b5 9. b3 cxb3 10. Qxb3 c6 11. O-O O-O 12. Rfc1 Bb7 13. Qb2 Nbd7 14. Ne1
Nd5 15. Nd3 Qe7 16. Ne4 h6 17. Rc2 Rfd8 18. Rac1 Rac8 19. e3 N5b6 20. Qa1 Ba8
21. Nd2 Rc7 22. Qc3 a4 23. Qb4 Qxb4 24. Nxb4 Nb8 25. Rc5 Rdc8 26. Bf1 Rb7 27.
Bxb5 Rbc7 28. Be2 N6d7 29. R5c3 c5 30. Bb5 Nc6 31. Na6 Rb7 32. Bxa4 Ra7 33. Bxc6
Rxc6 34. Nxc5 Nxc5 35. Rxc5 Rca6 36. Nb1 Rb6 37. R5c4 Kh7 38. Rb4 Rxb4 39. axb4
Ra1 40. b5 Be4 41. b6 Bb7 42. Rf1 Ra6 43. Nd2 Rxb6 44. Rb1 Rxb1+ 45. Nxb1 Kg6
46. Nd2 f6 47. e4 f5 48. f3 fxe4 49. fxe4 Kg5 50. Kg2 Bc6 51. Kf3 Bb7 52. Nc4
Bc6 53. h4+ Kf6 54. Ne5 Be8 55. Ng4+ Ke7 56. Kf4 Kd6 57. Ne5 Ke7 58. Ng4 Bh5 59.
Nf2 Kf6 60. Ke3 Ke7 61. g4 Be8 62. Kf4 Kf6 63. g5+ hxg5+ 64. hxg5+ Ke7 65. Ke5
Bb5 66. Nh3 Be2 67. Nf4 Bg4 68. Nd3 Be2 69. Nc5 Bc4 70. g6 Ba2 71. Nd3 Bb3 72.
Nf4 Bc4 73. Nh5 Kf8 74. Kd6 Bd3 75. Ng3 Bc4 76. Kd7 Bb3 77. Ne2 Bc2 78. Nc3 Bb3
79. Kd6 Ke8 80. Nb5 1-0

[Event "Kazakhstan Chess Cup 2023"]
[Site "Astana KAZ"]
[Date "2023.04.26"]
[Round "5.2"]
[White "Urazayev, Arystanbek"]
[Black "Nabaty, Tamir"]
[Result "0-1"]
[WhiteTitle "IM"]
[BlackTitle "GM"]
[WhiteElo "2460"]
[BlackElo "2645"]
[WhiteFideId "13709810"]
[BlackFideId "2809052"]
[EventDate "2023.04.23"]

1. e4 e5 2. Nf3 Nc6 3. Bb5 a6 4. Ba4 Nf6 5. O-O Bc5 6. c3 O-O 7. d4 Ba7 8. Bg5
h6 9. Bh4 exd4 10. Re1 d6 11. Bxc6 bxc6 12. Nxd4 Bd7 13. Nd2 Re8 14. Qf3 g5 15.
Bg3 Bg4 16. Qd3 Qd7 17. h3 Bh5 18. Qc4 c5 19. Nf5 d5 20. Nxh6+ Kh7 21. exd5 Kxh6
22. Rxe8 Rxe8 23. Qxa6 Bb6 24. d6 Qc6 25. dxc7 Ra8 26. Qc4 Bxc7 27. Bxc7 Qxc7
28. Nb3 Rc8 29. a4 Qe5 30. Qa6 Rd8 31. Qb6 Rd5 32. a5 Bd1 33. Nxc5 Kg7 34. a6 g4
35. a7 gxh3 36. Qxf6+ Kxf6 37. Nd7+ Rxd7 38. a8=Q Kg7 39. Ra5 Qf4 40. Qe8 Rd2 0-1

[Event "Kazakhstan Chess Cup 2023"]
[Site "Astana KAZ"]
[Date "2023.04.26"]
[Round "5.3"]
[White "Sethuraman, S.P."]
[Black "Goganov, Aleksey"]
[Result "0-1"]
[WhiteTitle "GM"]
[BlackTitle "GM"]
[WhiteElo "2639"]
[BlackElo "2525"]
[WhiteFideId "5021596"]
[BlackFideId "24109959"]
[EventDate "2023.04.23"]

1. e4 e5 2. Nf3 Nc6 3. Bc4 Nf6 4. d3 Bc5 5. O-O O-O 6. Re1 d6 7. c3 a5 8. Nbd2
Be6 9. Bb5 Ng4 10. Re2 f5 11. h3 Nh6 12. exf5 Nxf5 13. Ne4 Ba7 14. Neg5 Bd5 15.
Bc4 Bxc4 16. dxc4 Qf6 17. Qb3 Rab8 18. c5+ Kh8 19. Ne6 a4 20. Qc4 Na5 21. Qxa4
Qxe6 22. Qxa5 Bxc5 23. Kh2 Qc4 24. Rd2 e4 25. b3 Qe6 26. Re2 Qd7 27. Rxe4 Ra8
28. Ne5 Qe8 29. Qxc7 Bxf2 30. Bf4 dxe5 31. Rxe5 Qg6 32. Re2 Rf7 33. Qa5 Bg3+ 34.
Bxg3 Qxg3+ 35. Kg1 Raf8 36. Qe5 Qg6 37. Kh2 Re7 38. Qc5 b6 39. Qb4 Qg3+ 40. Kg1
Ref7 41. Rf1 h6 42. Rf3 Qc7 43. Re6 Rd8 44. Qf4 Rd1+ 45. Kh2 Nd4 0-1

[Event "Kazakhstan Chess Cup 2023"]
[Site "Astana KAZ"]
[Date "2023.04.26"]
[Round "5.4"]
[White "Sapenov, Daniyal"]
[Black "Sargsyan, Shant"]
[Result "0-1"]
[WhiteTitle "FM"]
[BlackTitle "GM"]
[WhiteElo "2321"]
[BlackElo "2630"]
[WhiteFideId "13728911"]
[BlackFideId "13306766"]
[EventDate "2023.04.23"]

1. d4 Nf6 2. c4 g6 3. Nc3 Bg7 4. e4 d6 5. h3 Nbd7 6. Be3 e5 7. d5 h5 8. Bd3 Bh6
9. Bxh6 Rxh6 10. Qd2 Rh8 11. Nf3 a5 12. Qe3 Kf8 13. Bc2 Kg7 14. O-O h4 15. Ne1
Nh5 16. Nd3 g5 17. Ba4 Nf8 18. Bd1 Nf4 19. Bg4 Bxg4 20. hxg4 N8g6 21. f3 c6 22.
Kh2 a4 23. Rfc1 Qa5 24. Rc2 Rhc8 25. Rac1 Qa6 26. dxc6 bxc6 27. Ne2 Rd8 28. Rd1
Ne6 29. c5 Qa7 30. Rcd2 Rab8 31. Nc3 Ngf4 32. Qe1 Nxd3 33. Rxd3 h3 34. g3 Rxb2+
35. R1d2 Rxd2+ 36. Qxd2 Qxc5 37. Nxa4 Qa7 38. Nc3 Kg6 39. a3 f6 40. Nd1 Nd4 41.
Qf2 Qa6 42. Rc3 Rb8 43. Ne3 Qb7 44. Nc4 Qb1 45. f4 Qa1 46. fxe5 dxe5 47. Rd3 Rb1
48. Kxh3 Rf1 0-1

[Event "Kazakhstan Chess Cup 2023"]
[Site "Astana KAZ"]
[Date "2023.04.26"]
[Round "5.5"]
[White "Kovalev, Vladislav"]
[Black "Makhnev, Denis"]
[Result "1/2-1/2"]
[WhiteTitle "GM"]
[BlackTitle "GM"]
[WhiteElo "2612"]
[BlackElo "2483"]
[WhiteFideId "13504398"]
[BlackFideId "13707647"]
[EventDate "2023.04.23"]

1. e4 e5 2. Nf3 Nc6 3. Bb5 a6 4. Ba4 Nf6 5. O-O Be7 6. Re1 b5 7. Bb3 d6 8. c3
O-O 9. h3 Bb7 10. d4 Re8 11. Nbd2 Bf8 12. Bc2 g6 13. d5 Nb8 14. Nf1 c6 15. dxc6
Nxc6 16. Bg5 Bg7 17. Ne3 Ne7 18. Bxf6 Bxf6 19. Bb3 h5 20. Nd5 Bxd5 21. Bxd5 Rb8
22. a3 Kg7 23. Re3 Nc8 24. Rd3 Qc7 25. h4 Nb6 26. g3 Red8 27. Nd2 Na4 28. Qc2 a5
29. Nf1 Rdc8 30. Qd2 Nc5 31. Rf3 Rf8 32. Ne3 Bd8 33. Kh2 Qd7 34. b4 axb4 35.
axb4 Na4 36. Rf5 Bb6 37. Rf3 Bd8 38. Rg1 Nb6 39. Bb3 Qc6 40. Qd3 f5 41. Nd5 Nxd5
42. Bxd5 Qd7 43. Ra1 Bb6 44. exf5 gxf5 45. Qd2 Qe7 46. Ra6 Kg6 47. Rd3 e4 48.
Bxe4 fxe4 49. Rxd6+ Rf6 50. Qg5+ Kf7 51. Qxh5+ Kg7 52. Qg5+ Kf7 53. Qd5+ Kf8 54.
Raxb6 Rxb6 55. Rd8+ Kg7 56. Qg8+ Kh6 57. Qg5+ Kh7 58. Qg8+ Kh6 59. Qg5+ Kh7 60.
Qh5+ Kg7 61. Qh8+ Kg6 62. Rg8+ Kf5 63. Rg7 Qf8 64. Qh7+ Ke5 65. Rg5+ Kd6 66.
Qxe4 Rxf2+ 67. Kg1 Rf1+ 68. Kg2 Rf2+ 69. Kg1 Rf1+ 70. Kg2 Rf2+ 1/2-1/2